000 00463cam a2200157 a 4500
001 000006218
005 20200929153913.0
008 810609s1978 ve 001 0 spa
040 _aDO-SdBNP
_bspa
_cBNPHU
082 _aV861.44
_bG953c
100 1 _aGuilarte, Ángel Fernando,
_d1934-
_917385
245 1 0 _aCantamar :
_bpoemas /
_cÁngel Fernando Guilarte.
300 _a76 p. ;
_c20 cm.
650 4 _aPoesía venezolana
_94230
650 4 _aLiteratura venezolana
_93816
999 _c6013
_d6013